| 000 | 00824nam a22002057a 4500 | ||
|---|---|---|---|
| 999 |
_c12568 _d12568 |
||
| 003 | AR-CdUCM | ||
| 008 | 190409b ||||| |||| 00| 0 spa d | ||
| 040 |
_aMUNICIPALIDAD PROVINCIAL DEL CUSCO _cBIBLIOTECA MUNICIPAL DEL CUSCO |
||
| 082 |
_aC / 199.85 / _bV21 |
||
| 100 |
_aValenzuela Zea, Waldo _96810 |
||
| 245 | _aLa filosofía del teqsimuyu andino inca / | ||
| 260 |
_aCusco : _bAlpha, _c2005. |
||
| 300 |
_a140 páginas ; _c21 cm. |
||
| 505 | _aContenido: Promoviendo una filosofía andina inca -- El pensamiento filosófico inca -- Teqse wiracocha poderoso hacedor -- Los tres mundos -- Necesidad histórica de la filosofía anadina ... | ||
| 650 |
_aFilosofía peruana _914498 |
||
| 650 |
_aFilosofía indígena _930458 |
||
| 650 |
_aIndígenas del Perú _95715 |
||
| 942 |
_2ddc _cLIBROS |
||
| 945 |
_aacv _d2019-04-09 |
||